Spell the Marvel Character #361 - Statistics

General Stats
  • This quiz has been taken 12 times
  • The average score is 8 of 10
Answer Stats
Picture Answer % Correct
Gamora
100%
Spider-Woman
100%
Nightcrawler
91%
Wasp
91%
Old Lace
82%
Darkstar
73%
Rage
73%
Snowguard
73%
Ultragirl
55%
Arizona Girl
27%
No matching quizzes found
Score Distribution
Percent of People with Each Score
Percentile by Number Answered
Your Score History
You have not taken this quiz